000
00319nam a2200133Ia 4500
008
230917s9999||||xx |||||||||||||| ||und||
040
_e
93200
_a
MAIN
041
_a
English
082
_a
677 D536S
100
_a
Dhamija, Sudershan
245
0
_a
Some studies on acrylic high-bulk yarns
300
_a
103 p.
942
_c
TH
999
_c
72816
_d
72816